[Event "6th Sharjah Masters 2023"]
[Site "Sharjah UAE"]
[Date "2023.05.25"]
[Round "9.15"]
[White "Kuybokarov, Temur"]
[Black "Sargsyan, Shant"]
[Result "1/2-1/2"]
[WhiteTitle "GM"]
[BlackTitle "GM"]
[WhiteElo "2566"]
[BlackElo "2630"]
[WhiteFideId "14203049"]
[BlackFideId "13306766"]
[EventDate "2023.05.17"]
[EventType "swiss"]

1. e4 e5 2. Nf3 Nc6 3. Bb5 Nf6 4. O-O Nxe4 5. d4 Nd6 6. dxe5 Nxb5 7. a4 d6 8. e6
Bxe6 9. axb5 Ne5 10. Nd4 Be7 11. f4 Nc4 12. Nxe6 fxe6 13. Qd4 d5 14. Qxg7 Bf6
15. Qg4 Qd7 16. Re1 e5 17. Qh5+ Qf7 18. Qxf7+ Kxf7 19. Nc3 Rhd8 20. fxe5 Bxe5
21. Bf4 Bd4+ 22. Kh1 Rd7 23. Rf1 Kg8 24. Nd1 Rf7 25. c3 Nd2 26. cxd4 Nxf1 27. g3
Re8 28. Kg1 Re1 29. Kf2 Ne3 30. Rxa7 Nc2 31. Nc3 c6 32. bxc6 bxc6 33. Ra6 Re6
34. Nxd5 Nxd4 35. Ne3 c5 36. Ra8+ Kg7 37. Rb8 Re4 38. Rb6 h5 39. b4 c4 40. Nxc4
Re2+ 41. Kf1 Rxh2 42. Ne5 Ra7 43. Rg6+ Kh7 44. Rh6+ Kg7 45. Rg6+ Kh7 46. Rh6+
Kg8 47. Rg6+ Rg7 48. Rd6 Nf5 49. Rd8+ Kh7 50. g4 Rh1+ 51. Kg2 Rb1 52. g5 Nh4+
53. Kg3 Rxb4 54. Rf8 Ng6 55. Nxg6 Rxg6 56. Kh4 Kg7 1/2-1/2

[Event "6th Sharjah Masters 2023"]
[Site "Sharjah UAE"]
[Date "2023.05.25"]
[Round "9.16"]
[White "Moroni, Luca Jr"]
[Black "Petrosyan, Manuel"]
[Result "1/2-1/2"]
[WhiteTitle "GM"]
[BlackTitle "GM"]
[WhiteElo "2535"]
[BlackElo "2629"]
[WhiteFideId "865834"]
[BlackFideId "13300857"]
[EventDate "2023.05.17"]
[EventType "swiss"]

1. c4 Nf6 2. Nf3 e6 3. g3 d5 4. Bg2 Be7 5. O-O O-O 6. b3 c5 7. cxd5 Nxd5 8. Bb2
Nc6 9. d4 cxd4 10. Nxd4 Nxd4 11. Qxd4 Bf6 12. Qd2 Nf4 13. gxf4 Qxd2 14. Nxd2
Bxb2 15. Rad1 Bf6 16. Nc4 Rb8 17. Ne5 Rd8 18. Rxd8+ Bxd8 19. Rd1 1/2-1/2

[Event "6th Sharjah Masters 2023"]
[Site "Sharjah UAE"]
[Date "2023.05.25"]
[Round "9.17"]
[White "Suleymanli, Aydin"]
[Black "Aryan, Chopra"]
[Result "1/2-1/2"]
[WhiteTitle "GM"]
[BlackTitle "GM"]
[WhiteElo "2560"]
[BlackElo "2617"]
[WhiteFideId "13413937"]
[BlackFideId "5084423"]
[EventDate "2023.05.17"]
[EventType "swiss"]

1. c4 Nf6 2. Nf3 c5 3. Nc3 Nc6 4. g3 d5 5. d4 e6 6. cxd5 Nxd5 7. Bg2 cxd4 8.
Nxd4 Nxc3 9. bxc3 Nxd4 10. Qxd4 Qxd4 11. cxd4 Bd6 12. O-O Rb8 13. Bd2 Bd7 14.
Rfc1 Ke7 15. e4 Rhc8 16. e5 Ba3 17. Rxc8 Bxc8 18. Rb1 b5 19. Bc1 Bxc1 20. Rxc1 1/2-1/2

[Event "6th Sharjah Masters 2023"]
[Site "Sharjah UAE"]
[Date "2023.05.25"]
[Round "9.18"]
[White "Galperin, Platon"]
[Black "Vidit, Santosh Gujrathi"]
[Result "1/2-1/2"]
[WhiteTitle "GM"]
[BlackTitle "GM"]
[WhiteElo "2528"]
[BlackElo "2731"]
[WhiteFideId "14165414"]
[BlackFideId "5029465"]
[EventDate "2023.05.17"]
[EventType "swiss"]

1. e4 e5 2. Nf3 Nc6 3. Nc3 Nf6 4. Bb5 Bb4 5. O-O O-O 6. Bxc6 dxc6 7. Nxe5 Re8 8.
Nd3 Bxc3 9. dxc3 Nxe4 10. Qf3 Qf6 11. Qxf6 Nxf6 12. Bg5 Ne4 13. Bf4 Nd6 14. Rfe1
Bf5 15. Nc5 b6 16. Na6 Rxe1+ 17. Rxe1 Re8 18. Rxe8+ Nxe8 19. Nxc7 Nxc7 20. Bxc7
Bxc2 1/2-1/2

[Event "6th Sharjah Masters 2023"]
[Site "Sharjah UAE"]
[Date "2023.05.25"]
[Round "9.19"]
[White "Ju, Wenjun"]
[Black "Robson, Ray"]
[Result "1/2-1/2"]
[WhiteTitle "GM"]
[BlackTitle "GM"]
[WhiteElo "2550"]
[BlackElo "2704"]
[WhiteFideId "8603006"]
[BlackFideId "2023970"]
[EventDate "2023.05.17"]
[EventType "swiss"]

1. e4 e5 2. Nf3 Nc6 3. Bc4 Nf6 4. d3 Bc5 5. O-O d6 6. c3 O-O 7. Re1 h6 8. h3 a6
9. a4 Re8 10. Nbd2 Be6 11. b4 Ba7 12. Bxe6 Rxe6 13. Qc2 Qd7 14. Nf1 d5 15. Be3
d4 16. cxd4 Nxd4 17. Nxd4 Bxd4 18. Bxd4 Qxd4 19. Qxc7 Qxd3 20. Qxb7 Ree8 21.
Rad1 Qa3 22. a5 Reb8 23. Qe7 Rxb4 24. Qxe5 Rb5 25. Qf4 Qxa5 26. Ne3 Qc3 27. Nf5
Qe5 28. Qe3 Nd5 29. exd5 Qxf5 30. d6 Rb7 31. g4 Qc8 32. Qf3 Raa7 33. Rd3 Qc5 34.
Rc3 Qd4 35. Rd1 Qe5 36. Re3 Qf6 37. Re8+ Kh7 38. Qe4+ Qg6 39. Qc4 Rb1 40. Rxb1
Qxb1+ 41. Kh2 Rd7 42. Rh8+ Kxh8 43. Qc8+ Kh7 44. Qxd7 Qb6 45. Kg2 Qd4 46. Qf5+
Kg8 47. Qc8+ Kh7 48. d7 Qd5+ 49. Kg3 Qd3+ 50. f3 Qd6+ 51. f4 Qd3+ 52. Kf2 Qd2+
53. Kf3 Qd3+ 54. Kf2 Qd2+ 55. Kg3 Qd3+ 56. Kg2 Qd2+ 57. Kg3 Qd3+ 58. Kg2 1/2-1/2

[Event "6th Sharjah Masters 2023"]
[Site "Sharjah UAE"]
[Date "2023.05.25"]
[Round "9.20"]
[White "Yuffa, Daniil"]
[Black "Salem, A.R. Saleh"]
[Result "1-0"]
[WhiteTitle "GM"]
[BlackTitle "GM"]
[WhiteElo "2592"]
[BlackElo "2677"]
[WhiteFideId "24131423"]
[BlackFideId "9301348"]
[EventDate "2023.05.17"]
[EventType "swiss"]

1. e4 e5 2. Nf3 Nc6 3. Bb5 a6 4. Ba4 Nf6 5. O-O Be7 6. d3 b5 7. Bb3 d6 8. a3 O-O
9. Nc3 Nb8 10. h3 Nbd7 11. a4 b4 12. Nd5 Nxd5 13. Bxd5 Rb8 14. d4 Nf6 15. dxe5
Nxd5 16. Qxd5 Bb7 17. Qc4 d5 18. exd5 Bxd5 19. Qxa6 Rb6 20. Qe2 Qa8 21. Bf4 g5
22. Bg3 Re6 23. Rad1 f5 24. Nd4 Rg6 25. f3 Bc5 26. Kh2 h5 27. Qb5 Bxd4 28. Rxd4
Be6 29. Qxb4 f4 30. Be1 Qc8 31. Qc5 g4 32. Bb4 Rf7 33. fxg4 hxg4 34. Rdxf4 gxh3
35. Rxf7 Bxf7 36. gxh3 1-0

[Event "6th Sharjah Masters 2023"]
[Site "Sharjah UAE"]
[Date "2023.05.25"]
[Round "9.21"]
[White "Chigaev, Maksim"]
[Black "Vokhidov, Shamsiddin"]
[Result "0-1"]
[WhiteTitle "GM"]
[BlackTitle "GM"]
[WhiteElo "2628"]
[BlackElo "2586"]
[WhiteFideId "4108116"]
[BlackFideId "14204223"]
[EventDate "2023.05.17"]
[EventType "swiss"]

1. d4 Nf6 2. Nf3 d5 3. g3 e6 4. Bg2 Be7 5. c4 O-O 6. O-O dxc4 7. Qc2 a6 8. a4
Bd7 9. Qxc4 Bc6 10. Bg5 Nbd7 11. Nc3 a5 12. Rfe1 h6 13. Bxf6 Nxf6 14. e4 Ra6 15.
Ne5 Nd7 16. Ng4 Nf6 17. Ne3 Bb4 18. Nc2 Rb6 19. Rad1 Bxc3 20. bxc3 Qd7 21. Ra1
Rb2 22. Qd3 Bxa4 23. Ne3 b6 24. c4 Rb3 25. Qe2 Bc6 26. e5 Bxg2 27. exf6 Be4 28.
Qg4 Bg6 29. d5 gxf6 30. dxe6 Qxe6 31. Qh4 Qe5 32. Nd5 Qg5 33. Qd4 Rd3 34. Nxf6+
Kh8 35. Qb2 Rd2 36. Qc3 Rc2 37. Qd4 Qd2 38. Qxd2 Rxd2 39. Re7 Rd6 40. Ng4 Bf5
41. Ne3 Bd7 42. c5 Rd4 43. Rc1 a4 44. c6 Be6 45. Rxc7 a3 46. Ra7 a2 47. Rc2 Rc8
48. Raxa2 Bxa2 49. Rxa2 Rxc6 50. Ra7 Rf6 51. g4 Rdf4 52. Ra2 b5 53. h3 Ra4 54.
Rb2 Rb6 55. Nd5 Rb7 56. Nc3 Ra1+ 57. Kg2 b4 58. Ne4 b3 59. Nd6 Rb4 60. Nxf7+ Kg7
61. Ne5 Ra2 62. Rb1 b2 63. Nd3 Rb3 0-1

[Event "6th Sharjah Masters 2023"]
[Site "Sharjah UAE"]
[Date "2023.05.25"]
[Round "9.22"]
[White "Tin, Jingyao"]
[Black "Karthikeyan, Murali"]
[Result "0-1"]
[WhiteTitle "GM"]
[BlackTitle "GM"]
[WhiteElo "2576"]
[BlackElo "2627"]
[WhiteFideId "5804418"]
[BlackFideId "5074452"]
[EventDate "2023.05.17"]
[EventType "swiss"]

1. d4 Nf6 2. c4 g6 3. Nc3 Bg7 4. e4 d6 5. Nf3 O-O 6. Be2 e5 7. O-O Nbd7 8. Be3
Qe7 9. Qc2 c6 10. d5 c5 11. Kh1 Kh8 12. g3 Nb6 13. Ng1 Ng4 14. Bd2 f5 15. exf5
Bxf5 16. Qd1 Nf6 17. g4 Bd7 18. a4 Rae8 19. a5 Nxc4 20. Bxc4 Nxg4 21. f3 Nxh2
22. Kxh2 Qh4+ 23. Kg2 Qxc4 24. Ne4 Bb5 25. Nxd6 Qxf1+ 26. Qxf1 Bxf1+ 27. Rxf1
Rd8 28. Nxb7 Rxd5 29. Be3 c4 30. Rf2 Rf7 31. a6 Rf6 32. Rc2 Rxa6 33. Rxc4 h6 34.
b4 Ra2+ 35. Kg3 Rd3 36. Bf2 Rdd2 37. Nh3 Bf8 38. Rc8 Kg7 39. Nc5 Bxc5 40. Rxc5
Kf6 41. Rc7 a6 42. Rh7 h5 43. Be3 Rg2+ 44. Kh4 Rac2 45. Ng5 Rh2+ 46. Nh3 Rcg2
47. Ra7 g5+ 48. Bxg5+ Rxg5 49. Rxa6+ Kf5 50. Rh6 Rg6 51. Rxh5+ Ke6 52. Rh7 Kd5
53. Rh5 Kc6 54. Rxe5 Rh6+ 55. Kg4 R2xh3 56. Rc5+ Kd6 57. Rc1 R3h4+ 58. Kg5 R6h5+
59. Kg6 Rb5 60. Rd1+ Ke5 61. Kg5 Rhxb4 62. Re1+ Kd6+ 63. Kg6 Rf4 64. Rg1 Rxf3
65. Kg7 Rbb3 0-1

[Event "6th Sharjah Masters 2023"]
[Site "Sharjah UAE"]
[Date "2023.05.25"]
[Round "9.23"]
[White "Mendonca, Leon Luke"]
[Black "Erdos, Viktor"]
[Result "1/2-1/2"]
[WhiteTitle "GM"]
[BlackTitle "GM"]
[WhiteElo "2603"]
[BlackElo "2565"]
[WhiteFideId "35028561"]
[BlackFideId "719978"]
[EventDate "2023.05.17"]
[EventType "swiss"]

1. d4 Nf6 2. c4 g6 3. Nf3 Bg7 4. e3 O-O 5. Be2 c5 6. d5 e6 7. Nc3 d6 8. O-O Re8
9. Nd2 Na6 10. e4 Nc7 11. a4 Rb8 12. Ra3 b6 13. h3 Na6 14. Bd3 Nb4 15. Bb1 Bh6
16. Nf3 Bxc1 17. Qxc1 Kg7 18. Nh2 exd5 19. cxd5 Ba6 20. Rd1 Rb7 21. Nf3 Nh5 22.
Qe3 Kg8 23. g4 Nf6 24. Qf4 Qe7 25. Kg2 Nd7 26. h4 f6 27. g5 Rf8 28. Qg3 Ne5 29.
gxf6 Qxf6 1/2-1/2

[Event "6th Sharjah Masters 2023"]
[Site "Sharjah UAE"]
[Date "2023.05.25"]
[Round "9.24"]
[White "Ivic, Velimir"]
[Black "Asis Gargatagli, Hipolito"]
[Result "1/2-1/2"]
[WhiteTitle "GM"]
[BlackTitle "GM"]
[WhiteElo "2595"]
[BlackElo "2519"]
[WhiteFideId "950122"]
[BlackFideId "2260735"]
[EventDate "2023.05.17"]
[EventType "swiss"]

1. e4 c5 2. Nf3 d6 3. d4 cxd4 4. Nxd4 Nf6 5. Nc3 a6 6. h3 e5 7. Nf3 Be7 8. g4 h6
9. Rg1 b5 10. g5 hxg5 11. Nxg5 Bb7 12. Be3 Qc7 13. Qd2 Nbd7 14. O-O-O Rc8 15.
Kb1 b4 16. Nd5 Nxd5 17. exd5 Nb6 18. Qd3 Rh4 19. Bg2 Nc4 20. Bc1 Rd4 21. Qe2
Na3+ 22. bxa3 bxa3 23. Rd3 a5 24. Rxa3 Ba6 25. Qxa6 Qxc2+ 26. Ka1 Bxg5 27. Be4
Rxe4 28. Bxg5 Rb4 29. Rb3 Rxb3 30. axb3 Qc3+ 31. Ka2 Qc2+ 32. Ka1 Qc3+ 1/2-1/2

[Event "6th Sharjah Masters 2023"]
[Site "Sharjah UAE"]
[Date "2023.05.25"]
[Round "9.25"]
[White "Ter-Sahakyan, Samvel"]
[Black "Azarov, Sergei"]
[Result "1/2-1/2"]
[WhiteTitle "GM"]
[BlackTitle "GM"]
[WhiteElo "2617"]
[BlackElo "2582"]
[WhiteFideId "13302531"]
[BlackFideId "13501470"]
[EventDate "2023.05.17"]
[EventType "swiss"]

1. e4 e5 2. Nf3 Nc6 3. Bb5 a6 4. Ba4 Nf6 5. O-O Be7 6. Re1 b5 7. Bb3 d6 8. c3
O-O 9. h3 Bb7 10. d4 Re8 11. Nbd2 Bf8 12. Bc2 Nb8 13. a4 Nbd7 14. Bd3 c6 15. b3
Qc7 16. Bb2 Rad8 17. Qc2 Nh5 18. axb5 axb5 19. c4 b4 20. c5 Nf4 21. Bf1 exd4 22.
cxd6 Qxd6 23. Bxd4 Qg6 24. Ra7 Rb8 25. Kh1 c5 26. Be3 Nd5 27. Bc4 N7b6 28. Bd3
Nxe3 29. Rxe3 Qh6 30. Nc4 Nc8 31. Ra1 Ne7 32. Nce5 Nc6 33. Nxc6 Bxc6 34. Bc4 Qf4
35. Rae1 Re7 36. Kg1 Rbe8 37. e5 g6 38. g3 Qh6 39. h4 Bxf3 40. Rxf3 Bg7 41. Qd3
Qh5 42. Qd5 Kh8 43. Rxf7 Rxe5 44. Rxe5 Qxe5 45. Qd7 Rf8 46. Kh2 h5 47. Rxf8+
Bxf8 48. Qf7 Qg7 49. Qd5 Be7 50. Kh3 Qf8 51. Kg2 Kg7 52. f4 Qf6 53. Qe4 Qb2+ 54.
Kh3 Qf6 55. Bd3 Kh6 56. Qd5 Kg7 57. Bc4 Qf5+ 58. Qxf5 gxf5 59. Bb5 Bf6 60. Bd7
Kg6 61. Be8+ Kh6 62. Bf7 Bc3 63. Kg2 Be1 64. Kf3 Bc3 1/2-1/2

[Event "6th Sharjah Masters 2023"]
[Site "Sharjah UAE"]
[Date "2023.05.25"]
[Round "9.26"]
[White "Acs, Peter"]
[Black "Aravindh, Chithambaram VR."]
[Result "1-0"]
[WhiteTitle "GM"]
[BlackTitle "GM"]
[WhiteElo "2561"]
[BlackElo "2633"]
[WhiteFideId "708020"]
[BlackFideId "5072786"]
[EventDate "2023.05.17"]
[EventType "swiss"]

1. e4 c6 2. d4 d5 3. exd5 cxd5 4. c4 Nf6 5. Nc3 Nc6 6. Nf3 a6 7. cxd5 Nxd5 8.
Qb3 e6 9. Bd3 Be7 10. O-O O-O 11. a3 Nf6 12. Rd1 b6 13. Be3 Na5 14. Qc2 Bb7 15.
d5 exd5 16. Nd4 g6 17. b4 Nc6 18. Nxc6 Bxc6 19. Qe2 b5 20. Bc2 Re8 21. Bb3 a5
22. Nxb5 axb4 23. Nd4 Bd7 24. axb4 Rxa1 25. Rxa1 Bxb4 26. h3 Bc5 27. Qd3 Qb8 28.
Rc1 Rc8 29. Nc6 Rxc6 30. Rxc5 Rxc5 31. Bxc5 Be6 32. Bd4 Nd7 33. Qe3 Qd6 34. Ba4
f6 35. f4 Kf7 36. g4 Nb8 37. Bc5 Qc7 38. f5 gxf5 39. gxf5 Qe5 40. fxe6+ Kxe6 41.
Kf2 Nd7 42. Bd4 Qxe3+ 43. Kxe3 Ne5 44. Kf4 Ng6+ 45. Kg4 Ne5+ 46. Kg3 Kf7 47. Bc2
Nc6 48. Ba1 h6 49. Kg4 Ne5+ 50. Kh5 Kg7 51. Bb2 Nf3 52. Bc1 d4 53. Bxh6+ Kf7 54.
Kg4 d3 55. Kxf3 Kg6 56. Bc1 dxc2 57. Kg4 f5+ 58. Kh4 Kf6 59. Kh5 1-0

[Event "6th Sharjah Masters 2023"]
[Site "Sharjah UAE"]
[Date "2023.05.25"]
[Round "9.27"]
[White "Indjic, Aleksandar"]
[Black "Theodorou, Nikolas"]
[Result "0-1"]
[WhiteTitle "GM"]
[BlackTitle "GM"]
[WhiteElo "2618"]
[BlackElo "2591"]
[WhiteFideId "911925"]
[BlackFideId "4262875"]
[EventDate "2023.05.17"]
[EventType "swiss"]

1. e4 c5 2. Nc3 Nc6 3. Bb5 Nd4 4. Nf3 e6 5. Bd3 a6 6. O-O Nc6 7. b3 d6 8. Bb2
Nf6 9. Re1 e5 10. Nd5 Be7 11. Bf1 O-O 12. c3 Bg4 13. h3 Bh5 14. Bc4 b5 15. Nxf6+
Bxf6 16. Bd5 Rc8 17. a4 Rc7 18. axb5 axb5 19. g4 Bg6 20. Qe2 Ne7 21. Ba8 Qd7 22.
g5 Bxg5 23. Nxg5 h6 24. Nf3 Bh5 25. Qe3 Qxh3 26. Nh2 Qd7 27. f4 exf4 28. Qxf4 c4
29. Ra6 Ra7 30. Rxd6 Qc7 31. Bd5 Nxd5 32. Qe5 Ne7 33. Kh1 Ra2 34. Bc1 cxb3 35.
Re6 Qxe5 36. Rxe5 b2 37. Bxb2 Rxb2 38. d4 Bg6 39. Rxe7 Rc8 40. Ra1 Rxc3 41. Nf1
Re2 0-1

[Event "6th Sharjah Masters 2023"]
[Site "Sharjah UAE"]
[Date "2023.05.25"]
[Round "9.28"]
[White "Yoo, Christopher Woojin"]
[Black "Puranik, Abhimanyu"]
[Result "1/2-1/2"]
[WhiteTitle "GM"]
[BlackTitle "GM"]
[WhiteElo "2607"]
[BlackElo "2613"]
[WhiteFideId "30909694"]
[BlackFideId "5061245"]
[EventDate "2023.05.17"]
[EventType "swiss"]

1. Nf3 Nf6 2. c4 c5 3. Nc3 e6 4. g3 d5 5. cxd5 exd5 6. d4 Nc6 7. Bg2 cxd4 8.
Nxd4 Bc5 9. Nb3 Bb6 10. O-O d4 11. Na4 O-O 12. Bg5 h6 13. Nxb6 axb6 14. Bxf6
Qxf6 15. Bxc6 bxc6 16. Qxd4 Rd8 17. Qxf6 gxf6 18. Rfc1 c5 19. Kf1 Ra4 20. Ke1
Rb4 21. Nd2 Rxb2 22. Nc4 Rb5 23. a4 Rb4 24. a5 bxa5 25. Rxa5 Be6 26. Ne3 c4 27.
Rc5 Rb2 28. Nxc4 Bxc4 29. R5xc4 Rdd2 30. Rg4+ Kh7 31. Re4 Rbc2 32. Rxc2 Rxc2 33.
Rf4 Kg7 34. Rg4+ Kf8 35. Kf1 Ra2 36. Rf4 Kg7 37. g4 Rb2 38. e3 Ra2 39. Kg2 Rb2
40. Ra4 Rc2 41. Kg3 Re2 42. Ra6 Rb2 43. h4 Rc2 44. Ra7 Re2 45. Ra8 Rb2 46. f4
Rb1 47. Kf3 Rh1 48. h5 Rh3+ 49. Kf2 Rh2+ 50. Kg3 Rb2 51. Kf3 Rb5 52. Rd8 Ra5 53.
Ke4 Ra4+ 54. Rd4 Ra3 55. Rd5 Rb3 56. Rd3 Rb1 57. Rd5 Rb3 58. Ra5 Rc3 59. Ra2 Rb3
60. Re2 Rb1 61. Kf3 Rf1+ 62. Kg2 Ra1 63. e4 Ra3 64. Kf2 Ra1 65. e5 fxe5 66. Rxe5
Ra3 67. Kg2 Rb3 68. g5 hxg5 69. fxg5 f6 70. Re7+ Kf8 71. gxf6 Rb6 72. h6 Rxf6
73. h7 Rg6+ 74. Kf3 Rh6 75. Ra7 Rh1 76. Kf4 Rf1+ 77. Ke3 Re1+ 78. Kd4 Rd1+ 79.
Ke4 Re1+ 80. Kf5 Rf1+ 81. Kg4 Rg1+ 82. Kf3 Rh1 83. Kf2 Rh2+ 84. Kg1 Rh6 85. Kg2
Rh5 86. Rb7 Rh6 87. Kg3 Rh1 88. Kf4 Rf1+ 89. Ke3 Re1+ 90. Kd3 Rd1+ 91. Kc2 Rh1
92. Rb8+ Kg7 93. h8=Q+ Rxh8 94. Rxh8 Kxh8 1/2-1/2

[Event "6th Sharjah Masters 2023"]
[Site "Sharjah UAE"]
[Date "2023.05.25"]
[Round "9.29"]
[White "Harsha, Bharathakoti"]
[Black "Piorun, Kacper"]
[Result "0-1"]
[WhiteTitle "GM"]
[BlackTitle "GM"]
[WhiteElo "2602"]
[BlackElo "2601"]
[WhiteFideId "5078776"]
[BlackFideId "1130420"]
[EventDate "2023.05.17"]
[EventType "swiss"]

1. d4 Nf6 2. c4 e6 3. Nf3 d5 4. Nc3 Bb4 5. Qa4+ Nc6 6. Bd2 dxc4 7. e3 Nd5 8. Qc2
Nb6 9. a3 Bd6 10. O-O-O Bd7 11. e4 a5 12. Bg5 f6 13. Bh4 e5 14. dxe5 Nxe5 15.
Nd4 O-O 16. Be2 Qe8 17. Bg3 Kh8 18. f4 Nc6 19. Ndb5 Nb4 20. Nxd6 cxd6 21. Qb1
Nd3+ 22. Bxd3 cxd3 23. Qxd3 Na4 24. Nxa4 Bxa4 25. Rd2 Rc8+ 26. Kb1 Bb5 27. Qe3
Qc6 28. f5 Rfe8 29. Re1 Bc4 30. Rxd6 Qb5 31. e5 a4 32. Qd4 Qb3 33. exf6 Qa2+ 34.
Kc2 Bd3+ 35. Kd2 Rc2+ 36. Kxd3 Qb3+ 37. Qc3 Rxc3+ 38. bxc3 Qb5+ 39. Kd2 Rxe1 40.
Kxe1 gxf6 41. Rxf6 Qb1+ 42. Kd2 Qb2+ 43. Kd3 Qxa3 44. Be5 Kg8 45. Rd6 Qc5 46.
Ke4 a3 47. c4 Qxc4+ 48. Bd4 a2 49. Rd8+ Kf7 50. Ra8 Qe2+ 51. Kf4 Qxg2 52. h3 h5
53. Ra7 h4 54. Ke5 Ke7 55. Bc5+ Kd7 56. Bd4 Qg3+ 57. Ke4 Qb3 58. Ke5 Kc7 59. Ra8
Qg3+ 60. Ke4 Qg2+ 61. Ke5 b6 62. Ra7+ Kc6 0-1

[Event "6th Sharjah Masters 2023"]
[Site "Sharjah UAE"]
[Date "2023.05.25"]
[Round "9.30"]
[White "Mastrovasilis, Dimitrios"]
[Black "Mishra, Abhimanyu"]
[Result "1/2-1/2"]
[WhiteTitle "GM"]
[BlackTitle "GM"]
[WhiteElo "2603"]
[BlackElo "2550"]
[WhiteFideId "4202694"]
[BlackFideId "30920019"]
[EventDate "2023.05.17"]
[EventType "swiss"]

1. e4 c5 2. Nf3 d6 3. d4 cxd4 4. Nxd4 Nf6 5. Nc3 a6 6. Be3 e5 7. Nf3 Be7 8. Bc4
O-O 9. O-O Nc6 10. Bb3 h6 11. Nh4 Na5 12. Ng6 Nxb3 13. Bb6 Qxb6 14. Nxe7+ Kh8
15. Ned5 Nxd5 16. Nxd5 Qd4 17. cxb3 Qxe4 18. Nc7 Rb8 19. Qxd6 Bf5 20. Rfe1 Rfd8
21. Qxe5 Qxe5 22. Rxe5 Bg6 23. Rae1 Rd2 24. R5e2 Rd7 25. Re7 Rbd8 26. f3 Rxe7
27. Rxe7 Rd2 28. Ne8 Rxb2 29. Rxb7 Rxa2 30. Nd6 a5 31. Nxf7+ Bxf7 32. Rxf7 Rb2
33. Ra7 Rxb3 34. Rxa5 Rb2 35. h4 Rb4 36. h5 Kg8 37. Kh2 Rb2 38. Rf5 Ra2 39. Kh3
Rb2 40. g3 Rb4 41. f4 Rb3 42. Re5 Ra3 43. Kg2 Kf7 44. Kf2 Rb3 45. g4 Rb1 46. Re1
Rb3 47. Re3 Rb1 48. Kg2 Ra1 49. Rc3 Rb1 50. Kf3 Rg1 51. Rc6 Kf8 52. Rc7 Kg8 53.
Rc5 Kf7 54. Rc6 Kf8 55. Rc2 Kf7 56. Rg2 Ra1 57. g5 hxg5 58. fxg5 Ra3+ 59. Kg4
Ra4+ 60. Kg3 Ra3+ 61. Kh4 Ra4+ 62. Rg4 Ra1 63. Rf4+ Kg8 64. g6 Ra8 65. Kg5 Ra5+
66. Kg4 Ra8 67. Rd4 Rf8 68. Kg5 Rf1 69. Rd8+ Rf8 70. Rxf8+ Kxf8 71. Kf5 Kg8 72.
Ke6 Kh8 73. Ke7 Kg8 74. Ke8 Kh8 75. h6 Kg8 76. h7+ Kh8 77. Kf8 1/2-1/2

[Event "6th Sharjah Masters 2023"]
[Site "Sharjah UAE"]
[Date "2023.05.25"]
[Round "9.31"]
[White "Sadhwani, Raunak"]
[Black "Can, Emre"]
[Result "1/2-1/2"]
[WhiteTitle "GM"]
[BlackTitle "GM"]
[WhiteElo "2627"]
[BlackElo "2575"]
[WhiteFideId "35093487"]
[BlackFideId "6302181"]
[EventDate "2023.05.17"]
[EventType "swiss"]

1. e4 c5 2. Nf3 d6 3. d4 cxd4 4. Nxd4 Nf6 5. Nc3 a6 6. Bd3 e5 7. Nde2 Be7 8. O-O
O-O 9. Ng3 Be6 10. Nd5 Bxd5 11. exd5 g6 12. c4 Nbd7 13. Kh1 Nc5 14. Bc2 a5 15.
f4 Nfd7 16. f5 Bg5 17. Qg4 Bxc1 18. Raxc1 Nf6 19. Qg5 Kg7 20. Qd2 h6 21. b3 g5
22. a3 Qb6 23. Rb1 Ncd7 24. Rfe1 Qc5 25. a4 1/2-1/2

[Event "6th Sharjah Masters 2023"]
[Site "Sharjah UAE"]
[Date "2023.05.25"]
[Round "9.32"]
[White "Sanal, Vahap"]
[Black "Sethuraman, S.P."]
[Result "0-1"]
[WhiteTitle "GM"]
[BlackTitle "GM"]
[WhiteElo "2600"]
[BlackElo "2626"]
[WhiteFideId "6300545"]
[BlackFideId "5021596"]
[EventDate "2023.05.17"]
[EventType "swiss"]

1. e4 c5 2. Nf3 e6 3. d3 d5 4. Qe2 Nf6 5. g3 Be7 6. Bg2 O-O 7. O-O b5 8. Bf4 Bb7
9. e5 Ne8 10. h4 Nc6 11. Re1 b4 12. Nbd2 Nc7 13. Nf1 Nb5 14. N1h2 Nbd4 15. Qd2
Rc8 16. h5 Nxf3+ 17. Nxf3 Nd4 18. Nh2 Nf5 19. c3 bxc3 20. bxc3 g5 21. Be3 Nxe3
22. Qxe3 d4 23. cxd4 cxd4 24. Qe2 Bxg2 25. Kxg2 h6 26. Qe4 Kg7 27. Rab1 Rc7 28.
Ng4 Qa8 29. Qxa8 Rxa8 30. Re2 a5 31. Kf3 Rac8 32. a4 Bb4 33. Ke4 Rc2 34. Rb2
Rxb2 35. Rxb2 Rc1 36. f4 Rg1 37. fxg5 Rxg3 38. gxh6+ Kh7 39. Nf6+ Kxh6 40. Kxd4
Rg1 41. Rc2 Ra1 42. Rc8 Rxa4 43. Ke3 Ra1 44. Rh8+ Kg5 45. h6 Re1+ 46. Kd4 Be7
47. Ng4 Kxg4 48. Re8 Ba3 0-1

[Event "6th Sharjah Masters 2023"]
[Site "Sharjah UAE"]
[Date "2023.05.25"]
[Round "9.33"]
[White "Kobalia, Mikhail"]
[Black "Jumabayev, Rinat"]
[Result "0-1"]
[WhiteTitle "GM"]
[BlackTitle "GM"]
[WhiteElo "2578"]
[BlackElo "2590"]
[WhiteFideId "4119150"]
[BlackFideId "13702661"]
[EventDate "2023.05.17"]
[EventType "swiss"]

1. e4 e5 2. Nf3 Nc6 3. Bb5 Nf6 4. d3 Bc5 5. Bxc6 dxc6 6. O-O Nd7 7. Be3 Bd6 8.
Nbd2 O-O 9. Nc4 Re8 10. h3 Nf8 11. d4 exd4 12. Qxd4 Ne6 13. Qc3 Bf8 14. Rfe1 Qe7
15. b3 b6 16. Rad1 c5 17. Nce5 Qf6 18. Qc4 Bb7 19. Rd7 Re7 20. Bd2 Rxd7 21. Nxd7
Qe7 22. Nxf8 Rxf8 23. Bc3 Rd8 24. Be5 h6 25. c3 Qd7 26. Qe2 a5 27. Nh4 Qd2 28.
f4 Qxe2 29. Rxe2 Rd1+ 30. Kh2 Rd7 31. Nf3 f6 32. f5 fxe5 33. fxe6 Re7 34. Rd2
Bxe4 35. Nxe5 Rxe6 36. Ng4 Bc6 37. Rd8+ Re8 38. Rxe8+ Bxe8 39. Ne5 g5 40. Kg3
Kg7 41. Kf3 Kf6 42. Ke4 Ke6 43. g3 Bb5 44. h4 Ba6 45. Ng4 Bb7+ 46. Ke3 h5 47.
Nh6 gxh4 48. gxh4 Ke5 49. Nf7+ Kf6 0-1

[Event "6th Sharjah Masters 2023"]
[Site "Sharjah UAE"]
[Date "2023.05.25"]
[Round "9.34"]
[White "Dragnev, Valentin"]
[Black "Muradli, Mahammad"]
[Result "0-1"]
[WhiteTitle "GM"]
[BlackTitle "GM"]
[WhiteElo "2593"]
[BlackElo "2531"]
[WhiteFideId "1634852"]
[BlackFideId "13409301"]
[EventDate "2023.05.17"]
[EventType "swiss"]

1. e4 c5 2. Nf3 d6 3. d4 cxd4 4. Nxd4 Nf6 5. Nc3 a6 6. Be3 e5 7. Nf3 Qc7 8. Be2
b6 9. Nd5 Nxd5 10. Qxd5 Bb7 11. Qb3 b5 12. a4 bxa4 13. Rxa4 Be7 14. O-O O-O 15.
Rfa1 Bc6 16. Rc4 Nd7 17. Rc3 Nf6 18. Qc4 Rfc8 19. Ng5 Bf8 20. Rxa6 Rxa6 21. Qxa6
h6 22. Nxf7 Nxe4 23. Rc4 d5 24. Nxe5 dxc4 25. Qxc4+ Kh8 26. Ng6+ Kh7 27. Nxf8+
Rxf8 28. Bd3 Re8 29. f3 Qa5 30. Kf1 Qa1+ 31. Ke2 Qh1 32. Bxe4+ Bxe4 33. fxe4
Qxg2+ 34. Kd3 Qxh2 35. b4 Rd8+ 36. Kc3 Qh3 37. Qe2 Qh1 38. Bc5 Qc1 39. e5 Qa3+
40. Kc4 Qa6+ 41. b5 Qa4+ 42. Kc3 Rc8 43. Qd3+ Kh8 44. Qc4 Qa1+ 45. Kb4 Qb2+ 46.
Ka5 Qxe5 47. Kb4 Qb2+ 48. Ka5 Ra8+ 49. Kb6 Qf6+ 50. Kb7 Qf3+ 51. Kc7 Qf5 52. Kb6
Rc8 53. c3 Qe5 54. Qd4 Qc7+ 55. Ka6 Qxc5 0-1